000 00369pab a2200145 454500
008 180718b1989 xxu||||| |||| 00| 0 eng d
100 _aEkpenyong, David B.
245 _aStrategies financial planning for emergences
260 _c1989
300 _a798-803,810
362 _aMar.
650 _aCorporations - Finance
773 _aChartered Accountant
909 _a6716
999 _c6716
_d6716